Fintech Digitalization and Sustainability (Record no. 43536)

MARC details
000 -LEADER
fixed length control field 00574nam a22001817a 4500
005 - DATE AND TIME OF LATEST TRANSACTION
control field 20250403154518.0
008 - FIXED-LENGTH DATA ELEMENTS--GENERAL INFORMATION
fixed length control field 250403b |||||||| |||| 00| 0 eng d
020 ## - INTERNATIONAL STANDARD BOOK NUMBER
International Standard Book Number 9788196656843
041 ## - LANGUAGE CODE
Language code of text/sound track or separate title eng
082 ## - DEWEY DECIMAL CLASSIFICATION NUMBER
Classification number 338.9 KAU
100 ## - MAIN ENTRY--PERSONAL NAME
Author Amandeep, Kaur
245 ## - TITLE STATEMENT
Title Fintech Digitalization and Sustainability
260 ## - PUBLICATION, DISTRIBUTION, ETC.
Place New Delhi
Publisher Bloomsbury Prime
Publication Year 2024
300 ## - PHYSICAL DESCRIPTION
Extent 177;. pages: 23 cm
650 ## - SUBJECT ADDED ENTRY--TOPICAL TERM
Subject Sustainable Development; Economic Development-Environmental Aspects; Social Science; Strategic Alliance
700 ## - ADDED ENTRY--PERSONAL NAME
Co-Author Garg, Raman and Sehgal, Aarti
942 ## - ADDED ENTRY ELEMENTS (KOHA)
Koha item type Books
Holdings
Withdrawn status Lost status Source of classification or shelving scheme Damaged status Not for loan Home library Current library Shelving location Accession Date Vendor Price Bill number Total Checkouts Full call number Barcode No Date last seen Discount Bill Date Koha item type Suggested By
    Dewey Decimal Classification     IMTN IMTN Rack 14-A 03/26/2025 Raghav Books Private Limited 1599.00 2374   339.9 KAU 33816 04/03/2025 30 02/14/2025 Books Dr. Mantha Raghu (Head Librarian)
Designed & Maintained by: LRC IMT Nagpur Contact: lrc@imtnag.ac.in© 2024. All Rights Reserved.